[Event "Klatovy op"]
[Site "Klatovy"]
[Date "1996.??.??"]
[Round "?"]
[White "Gross, Georg"]
[Black "Vacovska, Veronika"]
[Result "1/2-1/2"]
[WhiteElo "2345"]
[BlackElo "2100"]

1.d4 d5 2.Nf3 Nf6 3.c4 e6 4.g3 Be7 5.Bg2 O-O 6.O-O c6 7.Nc3 Nbd7 8.Qd3 b6
9.e4 dxe4 10.Nxe4 Nxe4 11.Qxe4 Bb7 12.Rd1 Qc7 13.Bf4 Bd6 14.Bxd6 Qxd6 15.Rac1 Nf6
16.Qe1 c5 17.dxc5 Qxc5 18.b4 Qh5 19.Ne5 Bxg2 20.Kxg2 Rfd8 21.Nc6 Re8 22.Qe5 Qxe5
23.Nxe5 Red8 24.a4 g6 25.Nc6 Re8 26.a5 bxa5 27.Nxa5 Rec8 28.Kf3 Rab8 29.b5 Kg7
30.Nc6 Rb7 31.Ra1 Rcc7 32.Rd8 Nd7 33.Rd1 Nc5 34.Na5 Rb6 35.R1d6 Nb7 36.Rxb6 axb6
37.Nxb7 Rxb7 38.Ke4 Kf6 39.g4 Kg5 40.f3 Kh4 41.Kd4 Kh3 42.c5 bxc5+ 43.Kxc5 Rc7+
44.Kd6 Rc3 45.b6 Rd3+ 46.Kc7 Rc3+ 47.Kb8 Kxh2 48.b7 Kg3 49.g5 Kxf3 50.Rd4 e5
51.Rh4 Kg3 52.Rxh7 Kg4 53.Rxf7 Kxg5 54.Ka7 e4 55.b8=Q Ra3+ 56.Kb6 Rb3+ 57.Kc7 Rxb8
58.Kxb8 e3 59.Rf3 e2 60.Re3 Kf4 61.Rxe2 g5 62.Rf2+ Ke3 63.Rg2 Kf4 64.Kc7 g4
65.Kd6 Kf3 66.Ra2 g3 67.Ke5 g2 68.Rxg2 Kxg2  1/2-1/2

[Event "Krasnodar op"]
[Site "Krasnodar"]
[Date "1996.??.??"]
[Round "2"]
[White "Ivanov, Mikhail M"]
[Black "Ginzburg, Mikhail"]
[Result "1-0"]
[WhiteElo "2375"]
[BlackElo "2150"]

1.Nf3 Nf6 2.c4 e6 3.d4 d5 4.g3 Be7 5.Bg2 O-O 6.Qc2 b6 7.O-O Bb7 8.cxd5 exd5
9.Nc3 Nbd7 10.Bf4 a6 11.Rfd1 Rc8 12.Rac1 h6 13.Na4 c6 14.Nc3 b5 15.Ne1 Qb6
16.Bh3 Rcd8 17.Nd3 Rfe8 18.b4 Bf8 19.Nc5 Bc8 20.Bg2 Nxc5 21.dxc5 Qb7 22.e4 Bg4
23.exd5 Bxd1 24.Rxd1 cxd5 25.h4 Qc6 26.Qb3 Qe6 27.Nxd5 Kh8 28.Bf3 Rd7 29.Kg2 Red8
30.Nc3 Qxb3 31.axb3 Rxd1 32.Bxd1 Rc8 33.Bf3 a5 34.Bb7 Rd8 35.c6 Ne8 36.bxa5 Bd6
37.Bxd6 Rxd6 38.a6 Nc7 39.a7 Rd8 40.Ne4 Kg8 41.Nc5 Kf8 42.Na6  1-0

[Event "Laguna olm blind"]
[Site "Laguna"]
[Date "1996.??.??"]
[Round "8"]
[White "Palacios Perez, Manuel"]
[Black "Cabarkapa, Milenko"]
[Result "0-1"]
[WhiteElo "2150"]
[BlackElo "2270"]

1.d4 Nf6 2.c4 e6 3.g3 d5 4.Nf3 Be7 5.Bg2 O-O 6.O-O Nbd7 7.b3 b6 8.Bb2 Bb7
9.Nc3 c6 10.Qc2 Rc8 11.Rfd1 Qc7 12.Rac1 Qb8 13.Qb1 Rfd8 14.e4 c5 15.cxd5 exd5
16.e5 Ng4 17.Bh3 h5 18.e6 fxe6 19.Qg6 Nf8 20.Qxh5 Nf6 21.Qe5 Qxe5 22.Nxe5 cxd4
23.Nb5 Ne4 24.Bxd4 Bc5 25.Bxc5 bxc5 26.Bg2 Nd6 27.Nxa7 Rc7 28.a4 Ra8 29.Nb5 Nxb5
30.axb5 Ra3 31.b6 Rc8 32.b4 cxb4 33.Rxc8 Bxc8 34.Nc6 Bb7 35.Nd8 b3 36.Bf1 b2
37.Rb1 Ra1 38.Bd3 Ba6 39.b7 Bxd3 40.b8=Q Rxb1+  0-1

[Event "Las Palmas op"]
[Site "Las Palmas"]
[Date "1996.??.??"]
[Round "2"]
[White "Ivanov, Mikhail M"]
[Black "Gonzalez, Gerardo"]
[Result "0-1"]
[WhiteElo "2465"]
[BlackElo "2250"]

1.Nf3 Nf6 2.c4 e6 3.g3 d5 4.d4 Be7 5.Bg2 c6 6.Nbd2 Nbd7 7.Qc2 b6 8.e4 dxe4
9.Nxe4 Bb7 10.Ne5 Nxe4 11.Bxe4 Nxe5 12.dxe5 Qd4 13.Bf4 O-O-O 14.O-O g5 15.Rfd1 Qc5
16.Bd2 f5 17.exf6 Bxf6 18.Be3 Qe5 19.c5 b5 20.Rxd8+ Rxd8 21.Bxh7 Qxb2 22.Qxb2 Bxb2
23.Rb1 Bf6 24.Be4 a5 25.Kg2 Kc7 26.f4 g4 27.f5 Bd4 28.Bf4+ e5 29.Bg5 Re8
30.Rc1 Bc8 31.h3 gxh3+ 32.Kxh3 b4 33.Bd2 Rh8+ 34.Kg2 Rd8 35.Kf3 Rh8 36.Kg2 Rd8
37.Bg5 Re8 38.Kf3 a4 39.Bd2 b3  0-1

[Event "Leiner op"]
[Site "Leiner"]
[Date "1996.??.??"]
[Round "3"]
[White "Horvath, J."]
[Black "Kustar, Sandor"]
[Result "1-0"]
[WhiteElo "2500"]
[BlackElo "2395"]

1.d4 Nf6 2.c4 e6 3.g3 d5 4.Bg2 Be7 5.Nf3 O-O 6.Nc3 b6 7.O-O Bb7 8.Ne5 Na6
9.cxd5 exd5 10.Be3 c5 11.Rc1 Re8 12.a3 Nc7 13.dxc5 bxc5 14.Qa4 Bd6 15.Nc4 Bf8
16.Rfd1 Re6 17.Bf4 Ra6 18.Qc2 Rc8 19.Ne3 Ne6 20.Ncxd5 Nd4 21.Qc4 Ne8 22.Nf6+ Rxf6
23.Bxb7 Rxf4 24.Bxc8 Qg5 25.Kf1 Nd6 26.gxf4 Qxf4 27.Qd5 Ne4 28.Ng4 Nd2+ 29.Kg2 Ne4  1-0

[Event "SWE-chB1"]
[Site "Linkoping"]
[Date "1996.??.??"]
[Round "?"]
[White "Barkhagen, Jonas"]
[Black "Nordstrom, Felix"]
[Result "1/2-1/2"]
[WhiteElo "2405"]
[BlackElo "2220"]

1.d4 d5 2.Nf3 Nf6 3.g3 e6 4.c4 Be7 5.Bg2 O-O 6.O-O Nbd7 7.Qc2 c6 8.a4 a5
9.Bf4 Nh5 10.b3 Nxf4 11.gxf4 b6 12.Nbd2 Bb7 13.Rad1 Rc8 14.Qb1 Re8 15.Kh1 c5
16.Rg1 Bf6 17.cxd5 cxd4 18.Ne4 Nc5 19.Neg5 Bxd5 20.Qxh7+ Kf8 21.e4 Bxb3 22.e5 Bxd1
23.exf6 Qxf6 24.Rxd1 Qxf4 25.Bf1 d3 26.h4 Qxa4 27.Re1 Qf4 28.Bxd3 Nxd3 29.Qxd3 Red8
30.Qb1 a4 31.Qxb6 Kg8 32.Re4 Qc1+ 33.Kg2 a3 34.Nxf7 a2 35.Qxe6 Qc6 36.Nd6+ Kh8
37.Nf7+ Kg8 38.Nd6+ Kh8 39.Nf7+ Kg8  1/2-1/2

[Event "Ljubljana op"]
[Site "Ljubljana"]
[Date "1996.??.??"]
[Round "1"]
[White "Gazarek, Danko"]
[Black "Gmajner, I."]
[Result "1-0"]
[WhiteElo "2345"]
[BlackElo "1955"]

1.d4 d5 2.Nf3 Nf6 3.c4 e6 4.g3 Be7 5.Bg2 O-O 6.O-O Nbd7 7.Qb3 c6 8.Nc3 b6
9.Bf4 Nh5 10.Be3 Bb7 11.Rfd1 Rc8 12.a4 Qc7 13.Rdc1 Qb8 14.a5 dxc4 15.Qxc4 b5
16.Qb3 a6 17.Ne4 Nhf6 18.Bf4 Qa8 19.Bd6 Nxe4 20.Bxe7 Rfe8 21.Bc5 Qb8 22.Qc2 Nexc5
23.dxc5 Nf6 24.Rd1 Rcd8 25.Nd4 Qc7 26.b4 Re7 27.Ra3 Red7 28.Rad3 Nd5 29.Qd2 Bc8
30.f4 Ne7 31.Bh3 Kh8  1-0

[Event "Loures2"]
[Site "Loures"]
[Date "1996.??.??"]
[Round "2"]
[White "Pinho, Paulo"]
[Black "Frois, Antonio"]
[Result "0-1"]
[WhiteElo "2135"]
[BlackElo "2380"]

1.d4 d5 2.Nf3 e6 3.g3 Nf6 4.Bg2 Be7 5.c4 O-O 6.O-O c5 7.cxd5 exd5 8.Qc2 Nc6
9.dxc5 Ne4 10.Nc3 Nxc5 11.Rd1 Be6 12.Nxd5 Bxd5 13.Rxd5 Qxd5 14.Ng5 Ne4 15.Bxe4 Nb4
16.Qa4 Qe5 17.Bxh7+ Kh8 18.Be4 Rac8 19.Bf3 b5 20.Qa5 Rxc1+ 21.Rxc1 Qxg5 22.Rc7 a6
23.a3 Bd6 24.Rb7 Qc1+ 25.Kg2 Nc2 26.h4 Ne1+ 27.Kh2 Nxf3+ 28.exf3 Qxb2 29.Qb6 Qxa3
30.Qd4 Bc5 31.Qd2 Qxf3 32.Rd7 Qxf2+  0-1

[Event "Loures"]
[Site "Loures"]
[Date "1996.??.??"]
[Round "9"]
[White "Pinho, Paulo"]
[Black "Lima, Paulo"]
[Result "1-0"]
[WhiteElo "2135"]
[BlackElo "2115"]

1.d4 e6 2.c4 Nf6 3.g3 d5 4.Bg2 Be7 5.Nf3 O-O 6.Qc2 Na6 7.O-O c5 8.cxd5 Nb4
9.Qb3 Qxd5 10.Nbd2 Rd8 11.dxc5 Qxc5 12.a3 Nc6 13.Nc4 b5 14.Nce5 Bb7 15.Nxf7 Kxf7
16.Ng5+ Ke8 17.Nxe6 Qc4 18.Qe3 Ng4 19.Nc7+ Kd7 20.Qf4 Nge5 21.Nxa8 Bxa8 22.Qf5+ Kc7
23.Bf4 Bd6 24.Bxe5 Bxe5 25.Bxc6  1-0

[Event "Asia-ch Boys"]
[Site "Macau"]
[Date "1996.??.??"]
[Round "?"]
[White "Batzorig, Tuvshintogs"]
[Black "Guthrie, David"]
[Result "1-0"]
[WhiteElo "2185"]
[BlackElo "2110"]

1.d4 Nf6 2.g3 d5 3.Bg2 e6 4.c4 Be7 5.Nf3 O-O 6.Nc3 b6 7.O-O Bb7 8.Bf4 dxc4
9.Qc2 Nbd7 10.e4 c5 11.e5 Nd5 12.Rad1 Rc8 13.Be3 a6 14.Nxd5 Bxd5 15.Qa4 Qc7
16.Qc2 Qc6 17.dxc5 Nxc5 18.Nd4 Qc7 19.Bxd5 exd5 20.Nf5 Nd3 21.Bxb6 Qxe5 22.Nxe7+ Qxe7
23.Bd4 Rfe8 24.Qc3 f6 25.Rd2 Qf7 26.f3 Re7 27.Rxd3  1-0

[Event "Minsk op"]
[Site "Minsk"]
[Date "1996.??.??"]
[Round "4"]
[White "Gleizerov, Evgeny"]
[Black "Balashov, Yuri S"]
[Result "1/2-1/2"]
[WhiteElo "2540"]
[BlackElo "2480"]

1.d4 d5 2.c4 e6 3.Nf3 Nf6 4.g3 Be7 5.Bg2 O-O 6.O-O dxc4 7.Qc2 a6 8.Qxc4 b5
9.Qc2 Bb7 10.Bg5 Nbd7 11.Rd1 Rc8  1/2-1/2

[Event "Minsk op"]
[Site "Minsk"]
[Date "1996.??.??"]
[Round "6"]
[White "Gleizerov, Evgeny"]
[Black "Notkin, Maksim"]
[Result "1/2-1/2"]
[WhiteElo "2540"]
[BlackElo "2515"]

1.d4 Nf6 2.c4 e6 3.g3 d5 4.Bg2 Be7 5.Nf3 O-O 6.Qc2 c6 7.O-O b6 8.b3 Bb7 9.Bb2 Nbd7
10.Nbd2 Rc8  1/2-1/2

[Event "BLR-ch Minsk"]
[Site "Minsk"]
[Date "1996.??.??"]
[Round "8"]
[White "Mochalov, Evgeny V"]
[Black "Begun, Sergei M"]
[Result "1/2-1/2"]
[WhiteElo "2515"]
[BlackElo "2375"]

1.d4 d5 2.c4 e6 3.Nf3 Nf6 4.g3 Be7 5.Bg2 O-O 6.O-O c6 7.Qc2 b6 8.Rd1 Bb7
9.Nc3 Nbd7 10.b3 Rc8 11.e4 Nxe4 12.Nxe4 dxe4 13.Qxe4 b5 14.Bf4 bxc4 15.bxc4 Ba6
16.Qc2 Nb6 17.Ne5 Qe8 18.Be4 f5 19.Bg2 Bf6 20.a4 c5 21.dxc5 Rxc5 22.a5 Nd5
23.Ra3 Nxf4 24.gxf4 Bxe5 25.fxe5 Qc8 26.Rc3 Rxc4 27.Rxc4 Qxc4 28.Qxc4 Bxc4
29.Rc1 Bb5 30.Bf1 Bxf1 31.Kxf1 Rd8 32.Rc7 Rd5 33.Rxa7 Rxe5 34.a6 h6 35.Re7 Kh7
36.Kg2 Re4 37.f3 Re3 38.Kf2 Ra3 39.Rxe6 Ra4 40.Re5 Rxa6 41.Rxf5  1/2-1/2

[Event "Amber-blind 5th"]
[Site "Monte Carlo"]
[Date "1996.??.??"]
[Round "6"]
[White "Piket, Jeroen"]
[Black "Karpov, Anatoly"]
[Result "0-1"]
[WhiteElo "2570"]
[BlackElo "2770"]

1.d4 Nf6 2.c4 e6 3.g3 d5 4.Nf3 Be7 5.Bg2 O-O 6.O-O dxc4 7.Qc2 a6 8.a4 Bd7
9.Rd1 Bc6 10.Nc3 Nbd7 11.e4 b5 12.d5 exd5 13.e5 Ne4 14.Nxd5 Bxd5 15.Rxd5 Nec5
16.axb5 Qe8 17.bxa6 Rxa6 18.Rxa6 Nxa6 19.Ra5 Nb4 20.Qxc4 c5 21.e6 Nb6 22.exf7+ Qxf7
23.Qxf7+ Rxf7 24.Rb5 N6d5 25.Ne5 Rf8 26.Bd2 Re8 27.Nd7 Nc7 28.Rb7 Ncd5 29.Bf1 h6
30.Bc4 Kh7 31.b3 Ra8 32.h4 Ra2 33.Bxb4 Nxb4 34.h5 Ra8 35.Be6 Kh8 36.Bf5 Re8
37.Kg2 Nc6 38.Rc7 Nd4 39.Bg6 Bd6 40.Rb7 Rd8 41.Bf7 Ra8 42.Bd5 Rd8 43.Bc4 Nc6
44.Be6 Ne5 45.Nb6 Re8 46.Bd5 Rb8 47.Rxb8+ Bxb8 48.f4 Ng4 49.Kf3 Nf6 50.Bf7 g5
51.hxg6 h5 52.Nc4 Kg7 53.Ne3 Kf8 54.Nf5 Bc7 55.Ke3 Ba5 56.Kf2 Bc3 57.Bc4 Ne8
58.Be2 Nf6 59.g7+ Kf7 60.Bc4+ Kg6 61.Be6 Ba5 62.Ke2 Bc7 63.Kd3 Ba5 64.Kc4 Bb4
65.Kb5 Ba3 66.Kc6 Bb4 67.Kb5 Ba3 68.Kc4 Bb4  0-1

[Event "Moravia-ch op"]
[Site "Moravia"]
[Date "1996.??.??"]
[Round "?"]
[White "Chetverik, Maxim"]
[Black "Michenka, Jozef"]
[Result "1/2-1/2"]
[WhiteElo "2290"]
[BlackElo "2380"]

1.d4 Nf6 2.c4 e6 3.Nf3 d5 4.g3 Be7 5.Bg2 O-O 6.O-O dxc4 7.Qc2 a6 8.Qxc4 b5
9.Qc2 Bb7 10.Bd2 Be4 11.Qc1 Qc8  1/2-1/2

[Event "Moscow GM3"]
[Site "Moscow"]
[Date "1996.??.??"]
[Round "?"]
[White "Filippov, Valerij"]
[Black "Mitenkov, Alexey"]
[Result "1-0"]
[WhiteElo "2530"]
[BlackElo "2445"]

1.Nf3 Nf6 2.c4 e6 3.g3 d5 4.d4 Be7 5.Bg2 O-O 6.O-O c6 7.Nc3 b6 8.Ne5 Ba6
9.e4 dxc4 10.Be3 Nfd7 11.f4 Nxe5 12.fxe5 Nd7 13.Qg4 Kh8 14.Rad1 Qe8 15.Bf4 Bd8
16.Qh5 b5 17.Ne2 b4 18.Bd2 c5 19.dxc5 g6 20.Qf3 Nxe5 21.Qe3 Qb5 22.Qd4 Bc7
23.Bh6 Rfd8 24.Qf2 f5 25.Nd4 Qxc5 26.exf5 Ng4 27.Bg7+ Kg8 28.Qe2 exf5 29.Bxa8 Rxa8
30.h3 Kxg7 31.hxg4 Bxg3 32.Qe3 Qe5 33.Qxe5+ Bxe5 34.gxf5 gxf5 35.Rxf5 Re8
36.Kf2 c3 37.bxc3 bxc3 38.Nf3 c2 39.Rg1+ Kh8 40.Rxe5 Rf8 41.Ke3 Bb7 42.Nd4 Rc8
43.Rc1  1-0

[Event "Moscow-ch"]
[Site "Moscow"]
[Date "1996.??.??"]
[Round "6"]
[White "Kastanieda, Georgiy"]
[Black "Chestnov, Vitaliy A"]
[Result "1-0"]
[WhiteElo "2395"]
[BlackElo "2190"]

1.d4 d5 2.c4 e6 3.Nf3 Nf6 4.g3 Be7 5.Bg2 O-O 6.O-O dxc4 7.Na3 Bd7 8.Nxc4 Bc6
9.Bg5 Bd5 10.Qc2 Nbd7 11.Ncd2 c5 12.dxc5 Nxc5 13.Bxf6 gxf6 14.b4 Na6 15.b5 Rc8
16.Qa4 Bxf3 17.Nxf3 Nc5 18.Qg4+ Kh8 19.Qh5 Qb6 20.Nd4 Rcd8 21.e3 f5 22.Rac1 Qd6
23.Rfd1 Qe5 24.g4 Rg8 25.gxf5 Rg5 26.Nf3 Rxd1+ 27.Rxd1 Rxh5 28.Nxe5 Rxf5
29.f4 Kg7 30.Kf2 Bf6 31.Nc4 Bh4+ 32.Kf1 Na4 33.Bxb7 Rxb5 34.Bc6 Rc5 35.Bxa4 Rxc4
36.Bb3 Rc7 37.Ke2 Bf6 38.e4 e5 39.f5 Bg5 40.Rd6 Bf4 41.h3 Bh2 42.Kf2 h6 43.h4 Bf4
44.Ke2 Bg3 45.h5 Bh4 46.Ra6 Be7 47.a4 Bc5 48.Bd5 Bd4 49.Rd6 Bc5 50.f6+ Kh7
51.Rd8 Bb4 52.Kf3 Rc1 53.Bxf7 Rf1+ 54.Ke2 Rxf6 55.Bg6+ Kg7 56.Rd7+ Kf8 57.Rxa7 Re6
58.Rf7+ Kg8 59.Rb7  1-0

[Event "Moscow-ch"]
[Site "Moscow"]
[Date "1996.??.??"]
[Round "7"]
[White "Orlinkov, Maxim L"]
[Black "Burlak, S."]
[Result "1-0"]
[WhiteElo "2305"]
[BlackElo "2230"]

1.d4 d5 2.c4 e6 3.Nf3 Be7 4.g3 Nf6 5.Bg2 O-O 6.O-O Ne4 7.Nbd2 f5 8.Ne5 Nd7
9.Ndf3 c6 10.Qc2 Nxe5 11.Nxe5 Bg5 12.Bxg5 Qxg5 13.f4 Qe7 14.Bxe4 fxe4 15.a3 Bd7
16.b4 Rac8 17.c5 Be8 18.Qa4 a6 19.Qa5 g5 20.e3 gxf4 21.exf4 Bh5 22.Rae1 Qd8
23.Re3 Rc7 24.a4 Re7 25.Rb1 Qa8 26.Kf2 Rg7 27.Ra3 Rf6 28.b5 Qf8 29.Qd2 axb5
30.axb5 cxb5 31.Rxb5 Be8 32.Rb6 Rh6 33.Kg1 Qf5 34.Ra8 Kf8 35.c6 e3 36.Qb4+ Re7  1-0

[Event "Moscow-ch"]
[Site "Moscow"]
[Date "1996.??.??"]
[Round "7"]
[White "Granovski, Aleksandar"]
[Black "Matajev, Dalfun"]
[Result "1-0"]
[WhiteElo "2250"]
[BlackElo "2120"]

1.d4 d5 2.Nf3 Nf6 3.c4 e6 4.g3 Be7 5.Bg2 O-O 6.O-O c6 7.Nbd2 Nbd7 8.Re1 Ne4
9.Nxe4 dxe4 10.Ne5 f5 11.Bd2 Bf6 12.Bc3 Qc7 13.Nxd7 Bxd7 14.Qd2 Rad8 15.Rad1 Bc8
16.Qe3 h6 17.f3 Bg5 18.f4 Bf6 19.Qc1 c5 20.e3 cxd4 21.Bxd4 e5 22.fxe5 Bxe5
23.Qc3 Bxd4 24.exd4 b6 25.d5 Ba6 26.b3 h5 27.Qd4 Rf6 28.Rd2 Qc5 29.Rf1 g6
30.Qxc5 bxc5 31.Bxe4 Kf7 32.Bd3 Re8 33.Re2 Rxe2 34.Bxe2 Bc8 35.Bd3 Ra6 36.Rf2 Kf6
37.Re2 Bd7 38.Kf2 Rb6 39.Kf3 a5 40.h4 a4 41.Rb2 a3 42.Re2 Rb8 43.Bc2 Rb6
44.Kf4 Rb8 45.Re1 Rb7 46.Bd1 Rb8 47.Bf3 Rb6 48.Rd1 Rb8 49.Rd2 Re8 50.Re2 Rb8
51.Re5 Rb6 52.d6 Rxd6 53.Rxc5 Rd2 54.Rd5 Rxd5 55.Bxd5 Ke7 56.Ke5 Be8 57.b4 Ba4
58.b5 Bc2 59.c5 Kd7 60.b6 Kc8 61.c6  1-0

[Event "Moscow-ch"]
[Site "Moscow"]
[Date "1996.??.??"]
[Round "11"]
[White "Granovski, Aleksandar"]
[Black "Burlak, S."]
[Result "1-0"]
[WhiteElo "2250"]
[BlackElo "2230"]

1.d4 d5 2.c4 e6 3.Nf3 Be7 4.g3 Nf6 5.Bg2 O-O 6.Qc2 Nbd7 7.O-O Ne4 8.Nc3 Nxc3
9.Qxc3 f5 10.b3 c6 11.Bb2 Nf6 12.a4 Ne4 13.Qc2 g6 14.Ba3 Bxa3 15.Rxa3 Qe7
16.Raa1 Bd7 17.a5 a6 18.Ne5 Nf6 19.Qd2 Rad8 20.Qe3 Bc8 21.h3 Nd7 22.Nd3 Rfe8
23.f4 Nf6 24.c5 Ne4 25.Ne5 Qf6 26.g4 Qh4 27.g5 Re7 28.Kh2 Rg7 29.Bxe4 dxe4
30.Rae1 h6 31.Rg1 hxg5 32.fxg5 Rd5 33.Rd1 Qh5 34.Rd2 Rh7 35.Qg3 Kg7 36.e3 Rd8
37.Kg2 Rdh8 38.Rh1 Qh4 39.Rh2 Rf8 40.Qxh4 Rxh4 41.Kg3 Rh5 42.h4 Rd8 43.Rd1 Bd7
44.Rc1 Be8 45.Rc4 Kf8 46.Rb4 Rh7 47.Kf4 Rc7 48.h5 gxh5 49.g6 Kg7 50.Rxh5 Kg8
51.Kg5 Rg7 52.Rh6 Rc8 53.Rc4 Rcc7 54.Kf6 Bxg6 55.Rxg6 Kh7 56.Rxg7+ Rxg7 57.Rc2 Kg8
58.Rh2 Rc7  1-0

[Event "JUG-chT"]
[Site "Niksic"]
[Date "1996.??.??"]
[Round "?"]
[White "Antic, Dejan"]
[Black "Kostic, Vladimir"]
[Result "1/2-1/2"]
[WhiteElo "2435"]
[BlackElo "2410"]

1.d4 Nf6 2.c4 e6 3.g3 d5 4.Bg2 Be7 5.Nf3 O-O 6.O-O dxc4 7.Qc2 a6 8.a4 Nc6
9.Qxc4 Bd7 10.Ne5 Nd5 11.Nxd7 Qxd7 12.e3 b5 13.Qe2 Na5 14.axb5 axb5 15.Nc3 c6
16.Ne4 Nc4 17.Rxa8 Rxa8 18.Nd2 Na5 19.Nf3 Qa7 20.Ne5 Bd6 21.Nd3 Nb3 22.Qc2 Na5
23.b3 Nb4 24.Nxb4 Bxb4 25.Bb2 Rc8 26.Be4 h6 27.Rd1 Qe7 28.Qd3 Rd8 29.Qc2 Qd6
30.Ra1 e5 31.Rc1 exd4 32.Bxd4 Qe6 33.Rb1 c5 34.Bf5 Qd6 35.Bc3 Bxc3 36.Qxc3 b4
37.Qc2 Qe5 38.Bg4 g6 39.Bf3 Rc8 40.Qa2 c4 41.bxc4 b3 42.Rxb3 Nxb3 43.Qxb3 Rb8
44.Qd3 Qa1+ 45.Kg2 Rb1 46.Bd5  1/2-1/2

[Event "JUG-chT"]
[Site "Niksic"]
[Date "1996.??.??"]
[Round "?"]
[White "Beliavsky, Alexander G"]
[Black "Karpov, Anatoly"]
[Result "1/2-1/2"]
[WhiteElo "2615"]
[BlackElo "2770"]

1.d4 Nf6 2.c4 e6 3.g3 d5 4.Nf3 Be7 5.Bg2 O-O 6.O-O dxc4 7.Qc2 a6 8.a4 Bd7
9.Qxc4 Bc6 10.Bg5 Nbd7 11.Nc3 h6 12.Bxf6 Nxf6 13.b4 Bd5 14.Nxd5 exd5 15.Qb3 c6
16.e3 Ne4 17.Rfc1 Qd6 18.Rab1 a5 19.bxa5 Rfb8 20.Rc2 Nf6 21.Rcb2 Rxa5 22.Qc2 Qc7
23.Ne5 Nd7 24.Nd3 Bd6 25.Bh3 Nf6 26.Rb6 Ra7 27.Qb2 h5 28.a5 h4 29.Ne5 hxg3
30.hxg3 c5 31.Nc6 bxc6 32.dxc5 Bxg3 33.Rxb8+ Qxb8 34.Qxb8+ Bxb8 35.Rxb8+ Kh7
36.Rb6 Rxa5 37.Rxc6 Ne4 38.Rc7 Kg6 39.c6 Ra1+ 40.Kg2 Ra2 41.Rd7 Rxf2+ 42.Kg1 Rc2
43.Rxd5 Rc1+ 44.Kg2 Rc2+ 45.Kg1  1/2-1/2

[Event "JUG-ch op"]
[Site "Nis"]
[Date "1996.??.??"]
[Round "9"]
[White "Vaulin, Alexander"]
[Black "Stanojevic, Branko"]
[Result "1-0"]
[WhiteElo "2480"]
[BlackElo "2360"]

1.Nf3 Nf6 2.c4 e6 3.g3 d5 4.Bg2 Be7 5.d4 O-O 6.O-O dxc4 7.Ne5 c5 8.dxc5 Qc7
9.Nxc4 Bxc5 10.Nc3 Rd8 11.Bf4 Qe7 12.Qc2 Nc6 13.Bxc6 bxc6 14.Bg5 Bd4 15.Ne4 Ba6
16.e3 Bxc4 17.Qxc4 Bxb2 18.Rab1 Qa3 19.Bxf6 gxf6 20.Qxc6 f5 21.Ng5 Bf6 22.Nxe6 Rac8
23.Nxd8 Rxc6 24.Nxc6 a5 25.Rb5 a4 26.Nb4 Kg7 27.Rd1 Qb2 28.Rdd5 h6 29.Kg2 Bc3
30.Rxf5 Bxb4 31.Rf4 Qxa2 32.Rbxb4 Qe6 33.e4 f5  1-0

[Event "Nova Gorica"]
[Site "Nova Gorica"]
[Date "1996.??.??"]
[Round "4"]
[White "Tratar, Marko"]
[Black "Kragelj, Igor"]
[Result "1-0"]
[WhiteElo "2405"]
[BlackElo "2195"]

1.Nf3 Nf6 2.c4 e6 3.g3 d5 4.d4 Be7 5.Bg2 O-O 6.O-O dxc4 7.Qc2 a6 8.a4 Bd7
9.Qxc4 Bc6 10.Bg5 Nbd7 11.Nc3 h6 12.Bf4 Nb6 13.Qd3 Nbd5 14.Rfd1 a5 15.Bd2 Nb4
16.Qb1 Bxf3 17.Bxf3 c6 18.e3 Re8 19.Ne2 Na6 20.Nf4 Bb4 21.Bc1 Nd7 22.e4 Qc7
23.Nd3 Bd6 24.e5 Be7 25.Be4 Rad8 26.Be3 Nb4 27.Nxb4 Bxb4 28.Qc2 Nb6 29.f4 Nd5
30.Bf2 Be7 31.Qe2 f5 32.exf6 Bxf6 33.Re1 Kf8 34.Bg6 Re7 35.Rad1 Qd6 36.Qf3 Red7
37.Bc2 Ne7 38.Qg4 Qb4 39.Qxe6 Bxd4 40.Rxd4 Rxd4 41.Bxd4 Qxd4+ 42.Kf1 Qd7
43.Qe4 Nd5 44.Bb3 Nf6 45.Qe2 Qd3 46.Rd1 Qxe2+ 47.Kxe2 Re8+ 48.Kf3 Re4 49.Bc2 Rb4
50.b3 Nd5 51.Re1 Kf7 52.Re4 Rb6 53.g4 Nb4 54.Bd1 Nd3 55.Re3 Nc5 56.Rc3 Ne6
57.f5 Ng5+ 58.Kf4 Kf6 59.h4 Rb4+ 60.Rc4 Rxc4+ 61.bxc4 Nh7 62.c5 Nf8 63.g5+ hxg5+
64.hxg5+ Ke7 65.Ke5 Nd7+ 66.Kd4 Nf8 67.Bb3 Nd7 68.Be6 Ke8 69.Bxd7+ Kxd7 70.Ke5 Kc7  1-0

[Event "Pamplona op"]
[Site "Pamplona"]
[Date "1996.??.??"]
[Round "?"]
[White "Alvarez Ibarra, D Rafael"]
[Black "Gomez Esteban, Juan Mario"]
[Result "1/2-1/2"]
[WhiteElo "2435"]
[BlackElo "2475"]

1.d4 Nf6 2.c4 e6 3.g3 d5 4.Nf3 Be7 5.Bg2 O-O 6.O-O dxc4 7.Qc2 a6 8.a4 c5
9.dxc5 Nc6 10.Na3 Bxc5 11.Nxc4 Be7 12.Nfe5 Nd4 13.Qd1  1/2-1/2

[Event "Komercni Banka op"]
[Site "Pardubice"]
[Date "1996.??.??"]
[Round "2"]
[White "Vaulin, Alexander"]
[Black "Prandstetter, Eduard"]
[Result "1/2-1/2"]
[WhiteElo "2485"]
[BlackElo "2370"]

1.c4 e6 2.g3 Nf6 3.Bg2 d5 4.Nf3 Be7 5.d4 O-O 6.O-O Nbd7 7.Qc2 c6 8.Rd1 Ne4
9.b3 f5 10.Ba3 Bxa3 11.Nxa3 Qe7 12.Qb2 f4 13.e3 fxe3 14.fxe3 Ng5 15.Rf1 Nxf3+
16.Rxf3 Nf6 17.Nc2 Bd7 18.Ne1 Be8 19.Nd3 Bg6 20.Ne5 Be4 21.Rf4 Bxg2 22.Kxg2 Nd7
23.Nxd7 Qxd7 24.Raf1 Rxf4 25.Rxf4 dxc4 26.bxc4 b5 27.Qb3 bxc4 28.Qxc4 Qd5+
29.Qxd5 cxd5  1/2-1/2

[Event "Komercni Banka op"]
[Site "Pardubice"]
[Date "1996.??.??"]
[Round "5"]
[White "Konopka, Michal"]
[Black "Kacirek, Petr"]
[Result "1-0"]
[WhiteElo "2405"]
[BlackElo "2260"]

1.d4 Nf6 2.Nf3 d5 3.c4 e6 4.g3 Be7 5.Bg2 c6 6.O-O Nbd7 7.Qc2 O-O 8.b3 b6
9.Rd1 Bb7 10.Nc3 Qc8 11.Bf4 h6 12.Rac1 Ba3 13.Rb1 Bb4 14.Qb2 Bxc3 15.Qxc3 c5
16.Rbc1 dxc4 17.Qxc4 Bd5 18.Qa4 Qb7 19.Bd6 Rfc8 20.dxc5 Nxc5 21.Bxc5 Rxc5
22.Rxc5 bxc5 23.Rc1 Rc8 24.Ne1 Bxg2 25.Nxg2 Nd5 26.Ne1 Nb6 27.Qb5 a6 28.Qd3 Nd5
29.Qe4 Qe7 30.Nd3 Nb6 31.Qe3 Nd7 32.Qe4 Nb6 33.h4 Qd6 34.Qb7 a5 35.Qa6 a4
36.bxa4 Ra8 37.Qb5 Nxa4 38.Rc2 Qa6 39.Qd7 Qa7 40.Qd6 Qa6 41.Qf4 Qb5 42.Ne5 Qe8
43.Nc4 Rd8 44.Rd2 Nc3 45.Qe3 Rxd2 46.Qxd2 Nb5 47.e3 Qa8 48.Qd7 Na3 49.Ne5 Qf8
50.Qa4 Nb1 51.Qc2 Na3 52.Qd3 Qa8 53.Qd7 Qf8 54.Qc7 c4 55.Nxc4 Nxc4 56.Qxc4 Qa3
57.Qc8+ Kh7 58.Qc2+ Kg8 59.Kh2 h5 60.Qb3 Qa6 61.a4 Qf1 62.Qa2 g6 63.a5 Qa6
64.Kg1 e5 65.Qd5 e4 66.Qd8+ Kg7 67.Qb6 Qe2 68.Qd4+ Kg8 69.Kg2 Qf3+ 70.Kg1 Qe2
71.Qa1 Qa6 72.Kg2 Kh7 73.Qa2 Kg8 74.Qd5 Kg7 75.Qd4+ Kg8 76.Qd8+ Kh7 77.Qb6 Qe2
78.a6 Qf3+ 79.Kg1 Qd1+ 80.Kh2 Qe2 81.Qf6 Qa2 82.Kg2 Kg8 83.Qb6 Kg7 84.a7  1-0

[Event "Komercni Banka op"]
[Site "Pardubice"]
[Date "1996.??.??"]
[Round "7"]
[White "Hudecek, Jan"]
[Black "Stern, Rene"]
[Result "0-1"]
[WhiteElo "2270"]
[BlackElo "2450"]

1.d4 d5 2.Nf3 Nf6 3.c4 e6 4.g3 Be7 5.Bg2 O-O 6.O-O Nbd7 7.Nc3 dxc4 8.a4 c6
9.e4 e5 10.dxe5 Ng4 11.Bf4 Qa5 12.Qd4 Rd8 13.Qxc4 Ndxe5 14.Nxe5 Nxe5 15.Qb3 b6
16.Rfd1 Bg4 17.Rxd8+ Rxd8 18.h3 Be6 19.Qc2 Nd3 20.Nd5 cxd5 21.Qxd3 d4 22.Bf1 Bb4
23.g4 h6 24.Be2 g5 25.Be3 b5 26.Bxd4 Bc4 27.Qe3 Bxe2 28.Bxa7 Bd2 29.Qxe2 Qxa7
30.Rd1 Qc5 31.axb5 Ba5 32.Rxd8+ Bxd8 33.Qd2 Bb6 34.Kg2 Kg7 35.Qe2 Qe5 36.Qf3 Qxb2
37.Qf5 Qf6 38.e5 Qe7 39.Qe4 Bc7 40.b6 Bxb6 41.f4 Bc7 42.fxg5 hxg5  0-1

[Event "Komercni Banka op"]
[Site "Pardubice"]
[Date "1996.??.??"]
[Round "8"]
[White "Lingnau, Carsten"]
[Black "Buturin, Vladimir"]
[Result "1/2-1/2"]
[WhiteElo "2380"]
[BlackElo "2445"]

1.Nf3 Nf6 2.c4 e6 3.g3 d5 4.d4 Be7 5.Bg2 O-O 6.O-O Nbd7 7.Qc2 c6 8.b3 b6
9.Rd1 Ba6 10.Bf4 Nh5 11.Bc1 Nhf6 12.Bf4 Nh5 13.Bc1 Rc8 14.e4 Nhf6 15.Nc3 dxc4
16.Bf4 Bb5 17.Nxb5 cxb5 18.d5 Bc5 19.dxe6 fxe6 20.e5 Ng4 21.Bh3 Nxf2 22.Bxe6+ Kh8
23.Kg2 Nxd1 24.Rxd1 Rc7 25.Ng5 g6 26.bxc4 Be7 27.Nf7+ Rxf7 28.Bxf7 g5 29.Bc1 bxc4
30.Qe4 Qf8 31.Bxc4 Qh6 32.Bb2 Qc6 33.Qxc6 Rxc6 34.e6+ Nf6 35.Bb3 Rc7 36.Be5 Rc5
37.Bb8 a5 38.Ba7 a4 39.Bxb6 Rb5 40.Bd8 axb3 41.Bxe7 Kg7 42.axb3 Rxb3 43.Re1 Rb2+
44.Kg1 Rb8 45.Re2 Kg6 46.Kg2 Re8 47.Bc5 g4 48.e7 Kf5 49.Bb6 Nd5 50.Bd8 Kf6
51.Rf2+ Ke6 52.Rf8 Kd7 53.Rf7 Nxe7 54.Ba5 Ke6 55.Rxh7 Ra8 56.Rh6+ Kf7 57.Rh5 Nc6
58.Be1 Ra2+ 59.Bf2 Ke6 60.Rh6+ Kd5 61.Rf6 Ne5 62.Rf4 Ke6 63.Re4 Kf5 64.Rf4+ Ke6
65.Re4 Kf5 66.Re3 Nf7 67.Kf1  1/2-1/2

[Event "Komercni Banka op"]
[Site "Pardubice"]
[Date "1996.??.??"]
[Round "9"]
[White "Mochalov, Evgeny V"]
[Black "Lingnau, Carsten"]
[Result "1/2-1/2"]
[WhiteElo "2465"]
[BlackElo "2380"]

1.d4 Nf6 2.c4 e6 3.g3 d5 4.Nf3 Be7 5.Bg2 O-O 6.O-O dxc4 7.Qc2 a6 8.a4 Bd7
9.Qxc4 Bc6 10.Bg5 a5 11.Nc3 Na6 12.Rad1 Nb4 13.Bxf6 Bxf6 14.e4 b6 15.Rd2 Bb7
16.Rfd1 c6 17.Qe2 Qc7 18.Qe3 Rfd8 19.h4 Ba6 20.Nh2 Be7 21.Bf1 Bxf1 22.Nxf1 Rd7
23.Qe2 Rad8 24.Ne3 Qb7 25.Nc4 Bf8 26.Qf3 Qc7 27.Kg2 f6 28.Qg4 Re8 29.Ne3 Rf7
30.Qe2 g6 31.h5 g5 32.Qc4 Kh8 33.d5 exd5 34.exd5 f5 35.dxc6 Qxc6+ 36.Qxc6 Nxc6
37.Rd7 Rxd7 38.Rxd7 Ne5 39.Rb7 f4 40.gxf4 gxf4 41.Ned5 f3+ 42.Kg3 Bc5 43.Ne4 Rg8+
44.Kf4 Nd3+ 45.Kxf3 Rg7 46.Rb8+ Rg8 47.Rxg8+ Kxg8 48.b3 Nc1 49.b4 Bxb4 50.Nxb6 Kg7
51.Kg4 Nd3 52.f4 Be7 53.Nd5 Bd8 54.Nd6 Nb2 55.h6+ Kxh6 56.Nf7+ Kg7 57.Nxd8 Nxa4
58.Ne6+ Kg8 59.f5 Nb2 60.f6 Nc4 61.Ng5 Nd6 62.Ne7+ Kf8 63.Nxh7+ Kf7 64.Nf5 Nc4
65.Kh5 Ne5 66.Nh6+ Ke6 67.Kg5 Nd7 68.f7 a4 69.f8=Q Nxf8 70.Nxf8+  1/2-1/2